Friday Night Dinner - P - Statistics

General Stats
  • This quiz has been taken 371 times
    370 since last reset
  • The average score is 11 of 14
Answer Stats
Hint Answer % Correct
What religion are the Goodman's Jewish
99%
What is the name of Jim's dog Wilson
99%
What colour of paint does Jim spread all over the house Red
94%
what animal does Jim dress up as to raise money for charity Dog
90%
What is the name of Jackie's bestfriend Valerie
88%
What is Jonny's job Estate Agent
85%
Who plays Adam Simon Bird
83%
What meat does Jim ask Jackie to cook for him Fish
81%
How many attempts did Jim have to pass his driving test 15
80%
What is the name of Adam's toy bunny Buggy
79%
Who plays Jim Mark Heap
76%
When Jonny gets his tattoo, what is it Skull
73%
Who is Jonny's 43 year old girlfriend Liz
70%
What is the name given to the 'Jewish' bowl of fruit Schmoigle
43%
No matching quizzes found
Score Distribution
Percent of People with Each Score
Percentile by Number Answered
Your Score History
You have not taken this quiz since the last reset